FIFA World Cup 2026 - Germany Squad - Statistics

General Stats
  • This quiz has been taken 13 times
  • The average score is 26 of 27
Answer Stats
Team # Position Club/Country Player % Correct
Germany 5 DM Bayern Munich Aleksandar Pavlovic
100%
Germany 12 GK VfB Stuttgart Alexander Nübel
100%
Germany 2 CB Real Madrid Antonio Rüdiger
100%
Germany 22 LB RB Leipzig David Raum
100%
Germany 26 ST VfB Stuttgart Deniz Undav
100%
Germany 17 AM Liverpool FC Florian Wirtz
100%
Germany 10 AM Bayern Munich Jamal Musiala
100%
Germany 4 CB Bayern Munich Jonathan Tah
100%
Germany 6 DM Bayern Munich Joshua Kimmich
100%
Germany Manager Germany Julian Nagelsmann
100%
Germany 7 ST Arsenal FC Kai Havertz
100%
Germany 25 AM Bayern Munich Lennart Karl
100%
Germany 8 CM Bayern Munich Leon Goretzka
100%
Germany 19 RW Galatasaray Leroy Sané
100%
Germany 1 GK Bayern Munich Manuel Neuer
100%
Germany 11 ST Newcastle United Nick Woltemade
100%
Germany 15 CB Borussia Dortmund Nico Schlotterbeck
100%
Germany 21 GK TSG 1899 Hoffenheim Oliver Baumann
100%
Germany 13 CM Brighton & Hove Albion Pascal Gross
100%
Germany 16 DM VfB Stuttgart Angelo Stiller
92%
Germany 9 RW VfB Stuttgart Jamie Leweling
92%
Germany 24 CB Newcastle United Malick Thiaw
92%
Germany 18 LB Eintracht Frankfurt Nathaniel Brown
92%
Germany 3 CB Borussia Dortmund Waldemar Anton
92%
Germany 23 CM Borussia Dortmund Felix Nmecha
83%
Germany 14 ST Borussia Dortmund Maximilian Beier
83%
Germany 20 CM 1.FSV Mainz 05 Nadiem Amiri
83%
No matching quizzes found
Score Distribution
Percent of People with Each Score
Percentile by Number Answered
Your Score History
You have not taken this quiz